00475nam a2200145Ia 4500003000900000008004100009040001600050080002100066110002100087245012200108260003000230300001600260650004100276650001200317IN-BaIIA211028s9999 xx 000 0 eng d cIIA Library a53(042.3)bNOB-3 aNobel Foundation 0aNobel lectures in physicsbincluding presentation speeches and laureates' biographies : 1942-1962.cNobel Foundation  aAmsterdambElsevierc1964 axiii, 619p. aAstronomy and astrophysics thesaurus aPhysics